<?xml version="1.0" encoding="UTF-8"?>
<record
    xmlns:xsi="http://www.w3.org/2001/XMLSchema-instance"
    xsi:schemaLocation="http://www.loc.gov/MARC21/slim http://www.loc.gov/standards/marcxml/schema/MARC21slim.xsd"
    xmlns="http://www.loc.gov/MARC21/slim">

  <leader>00524nam a2200145Ia 4500</leader>
  <controlfield tag="005">20250217052358.0</controlfield>
  <controlfield tag="008">240331s9999    xx            000 0 und d</controlfield>
  <datafield tag="082" ind1=" " ind2=" ">
    <subfield code="b">MAH</subfield>
    <subfield code="a">954</subfield>
  </datafield>
  <datafield tag="245" ind1=" " ind2="4">
    <subfield code="a">The Mahavamsa :</subfield>
    <subfield code="b">chapters XXV-XXIX</subfield>
  </datafield>
  <datafield tag="260" ind1=" " ind2=" ">
    <subfield code="a">Colombo</subfield>
    <subfield code="b">M.D.Gunasena &amp; Co. Ltd</subfield>
    <subfield code="c">1959</subfield>
  </datafield>
  <datafield tag="300" ind1=" " ind2=" ">
    <subfield code="a">128 p .,</subfield>
  </datafield>
  <datafield tag="500" ind1=" " ind2=" ">
    <subfield code="a">These Chapters (XXV-XXIX) of the Mahavamsa are especially prepared to help the students offering pali as a subject for the G.C.E. Advanced Level Examination</subfield>
  </datafield>
  <datafield tag="700" ind1=" " ind2=" ">
    <subfield code="a">Samaranayake, D.P.R,.</subfield>
    <subfield code="e">edt</subfield>
  </datafield>
  <datafield tag="942" ind1=" " ind2=" ">
    <subfield code="c">L</subfield>
  </datafield>
  <datafield tag="952" ind1=" " ind2=" ">
    <subfield code="0">0</subfield>
    <subfield code="1">0</subfield>
    <subfield code="4">0</subfield>
    <subfield code="7">0</subfield>
    <subfield code="8">L</subfield>
    <subfield code="a">WERCL</subfield>
    <subfield code="b">WERCL</subfield>
    <subfield code="c">SSC</subfield>
    <subfield code="d">2024-03-31</subfield>
    <subfield code="l">0</subfield>
    <subfield code="o"> 954.9 MAH</subfield>
    <subfield code="p">192</subfield>
    <subfield code="r">2024-03-31</subfield>
    <subfield code="w">2024-03-31</subfield>
    <subfield code="y">L</subfield>
  </datafield>
  <datafield tag="999" ind1=" " ind2=" ">
    <subfield code="c">3492</subfield>
    <subfield code="d">3492</subfield>
  </datafield>
</record>
